[Event "Guardamar Esphouses op 1st"]
[Site "Guardamar del Segura"]
[Date "2023.09.05"]
[Round "2"]
[White "Garcia Lopez, Juan Antonio"]
[Black "Larkin, Vladislav"]
[Result "0-1"]
[WhiteElo "1945"]
[BlackElo "2464"]
[PlyCount "69"]
[EventDate "2023.09.04"]
[EventType "swiss"]
[EventRounds "9"]
[EventCountry "ESP"]
[SourceTitle "EXT 2024"]
[Source "ChessBase"]
[SourceDate "2023.10.10"]
[SourceVersion "1"]
[SourceVersionDate "2023.10.10"]
[SourceQuality "1"]

1. e4 c5 2. Nf3 e6 3. d4 cxd4 4. Nxd4 a6 5. c4 Nf6 6. Nc3 Qc7 7. Be2 b6 8. 0-0 Bb7 9. Bd3 d6 10. Be3 Nbd7 11. Rc1 Rc8 12. f3 Qb8 13. Qd2 Be7 14. Bf2 0-0 15. Nc2 Bd8 16. Ne3 Bc7 17. g3 Kh8 18. Rfd1 Ne5 19. Be2 g5 20. Qd4 Rg8 21. f4 gxf4 22. Nf1 Rg7 23. Kh1 Qa8 24. Nd2 Neg4 25. Bxg4 Nxg4 26. Rf1 fxg3 27. Bxg3 f5 28. Rce1 Rcg8 29. h3 e5 30. Qd3 f4 31. Bh4 Bd8 32. Nf3 Ne3 33. Rg1 Qc8 34. Rxg7 Qxh3+ 35. Nh2 0-1

[Event "Gibraltar Challengers op-B"]
[Site "Caleta"]
[Date "2019.01.29"]
[Round "4"]
[White "Garcia Rodriguez, Inaki"]
[Black "Garcia Lopez, Juan Antonio"]
[Result "1-0"]
[WhiteElo "1931"]
[BlackElo "1964"]
[PlyCount "121"]
[EventDate "2019.01.26"]
[EventType "swiss"]
[EventRounds "5"]
[EventCountry "GGB"]
[SourceTitle "CBM 188 Extra"]
[Source "ChessBase"]
[SourceDate "2019.02.26"]
[SourceVersion "1"]
[SourceVersionDate "2019.02.26"]
[SourceQuality "1"]

1. d4 Nf6 2. Bg5 Ne4 3. Bh4 d5 4. f3 Nd6 5. Nd2 Bf5 6. c4 c6 7. e3 Qd7 8. c5 Nc8 9. Bg3 e6 10. Ne2 Bd3 11. Nf4 Bxf1 12. Rxf1 Be7 13. Nd3 f6 14. Kf2 0-0 15. Kg1 a5 16. a3 Na6 17. Qc2 Bd8 18. b4 axb4 19. axb4 Na7 20. Nb1 Bc7 21. Bf2 Nb5 22. Nc3 e5 23. Nxb5 cxb5 24. Qb3 Kh8 25. dxe5 fxe5 26. Bg3 e4 27. Bxc7 Nxc7 28. Rxa8 Rxa8 29. fxe4 dxe4 30. Ne5 Qd5 31. Qc3 Kg8 32. c6 bxc6 33. Nxc6 Re8 34. Nd4 Ne6 35. Nf5 h6 36. h3 Kh7 37. Ng3 Re7 38. Rf5 Rc7 39. Qe5 Rc1+ 40. Kh2 Qxe5 41. Rxe5 Nc7 42. Rxe4 Rc4 43. Rxc4 bxc4 44. e4 Nb5 45. Ne2 Kg6 46. Kg3 Kf6 47. Kf4 g5+ 48. Ke3 Ke5 49. g4 c3 50. Kd3 c2 51. Kxc2 Nd6 52. Nc3 Kf4 53. Kd3 Kg3 54. e5 Nc8 55. Ke4 Kxh3 56. Kf5 Ne7+ 57. Kf6 Kxg4 58. Kxe7 h5 59. Kf6 h4 60. Ne4 Kf4 61. Nxg5 1-0

[Event "Almansa op-B 13th"]
[Site "Almansa"]
[Date "2018.08.03"]
[Round "4.5"]
[White "Molla Gil, Pablo"]
[Black "Garcia Lopez, Juan Antonio"]
[Result "0-1"]
[WhiteElo "1875"]
[BlackElo "1951"]
[PlyCount "42"]
[EventDate "2018.08.02"]
[EventType "swiss"]
[EventRounds "7"]
[EventCountry "ESP"]
[SourceTitle "EXT 2024"]
[Source "ChessBase"]
[SourceDate "2023.10.10"]
[SourceVersion "1"]
[SourceVersionDate "2023.10.10"]
[SourceQuality "1"]

1. Nf3 Nf6 2. d4 g6 3. c4 Bg7 4. Nc3 d6 5. e4 0-0 6. Be2 c5 7. d5 Nbd7 8. 0-0 Ne5 9. Nxe5 dxe5 10. f4 Ne8 11. f5 Nd6 12. fxg6 hxg6 13. Be3 b6 14. h4 f5 15. h5 f4 16. hxg6 Rf6 17. Bxf4 exf4 18. e5 Rxg6 19. exd6 Bd4+ 20. Kh1 e5 21. g4 Qh4+ 0-1

[Event "Gibraltar Challengers-A"]
[Site "Caleta"]
[Date "2018.01.24"]
[Round "3"]
[White "O'Neil, Jim"]
[Black "Garcia Lopez, Juan Antonio"]
[Result "1-0"]
[WhiteElo "1904"]
[BlackElo "1959"]
[PlyCount "103"]
[EventDate "2018.01.22"]
[EventType "swiss"]
[EventRounds "5"]
[EventCountry "GGB"]
[SourceTitle "EXT 2019"]
[Source "ChessBase"]
[SourceDate "2018.10.10"]
[SourceVersion "1"]
[SourceVersionDate "2018.10.10"]
[SourceQuality "1"]

1. e4 d5 2. exd5 Nf6 3. Nf3 Nxd5 4. Bc4 c6 5. 0-0 Bf5 6. Bb3 e6 7. c4 Nb4 8. d4 a5 9. Nc3 Be7 10. a3 N4a6 11. Bf4 0-0 12. Re1 Nd7 13. d5 Ndc5 14. Nd4 Nd3 15. Nxf5 Nxf4 16. dxe6 fxe6 17. Nxe7+ Qxe7 18. Qg4 Nc5 19. Bc2 h5 20. Qg3 Rad8 21. Rad1 Rxd1 22. Rxd1 e5 23. Re1 h4 24. Qg4 Ncd3 25. Bxd3 Nxd3 26. Re2 Rf4 27. Qg6 Qd7 28. h3 Rf6 29. Qg5 Qd4 30. Ne4 Rf4 31. Qg6 Rxe4 32. Qxe4 Qxe4 33. Rxe4 Nxb2 34. Rxh4 Kf7 35. Kf1 b5 36. cxb5 cxb5 37. Ke2 Kf6 38. Kd2 Nc4+ 39. Rxc4 bxc4 40. Kc3 Kf5 41. Kxc4 Ke4 42. h4 g6 43. a4 Kf4 44. Kb5 Kg4 45. Kxa5 Kxh4 46. Kb6 g5 47. a5 e4 48. a6 g4 49. g3+ Kh3 50. a7 Kg2 51. a8Q Kxf2 52. Qb8 1-0

[Event "Almansa op-B"]
[Site "Almansa"]
[Date "2013.08.10"]
[Round "8.2"]
[White "Garcia Lopez, Juan Antonio"]
[Black "Talavera Garcia, Santiago"]
[Result "0-1"]
[WhiteElo "1974"]
[BlackElo "1997"]
[PlyCount "50"]
[EventDate "2013.08.06"]
[EventType "swiss"]
[EventRounds "9"]
[EventCountry "ESP"]
[SourceTitle "EXT 2024"]
[Source "ChessBase"]
[SourceDate "2023.10.10"]
[SourceVersion "1"]
[SourceVersionDate "2023.10.10"]
[SourceQuality "1"]

1. c4 e6 2. Nc3 d5 3. cxd5 exd5 4. d4 c6 5. Nf3 Bd6 6. e3 f5 7. Bd3 Nh6 8. a3 0-0 9. Qc2 Nd7 10. Bd2 Nf6 11. b4 a6 12. Qb3 Qe7 13. 0-0 Ne4 14. Ne2 g5 15. Bxe4 fxe4 16. Ne5 Ng4 17. f4 exf3 18. Nxf3 Bf5 19. Ng3 Bxg3 20. hxg3 Be4 21. Rae1 Qd6 22. Re2 Rf7 23. a4 Raf8 24. b5 Qxg3 25. Be1 Rxf3 0-1

[Event "San Pedro del Pinatar op 1st"]
[Site "San Pedro del Pinatar"]
[Date "2010.01.16"]
[Round "4"]
[White "Murcia Paredes, Angel"]
[Black "Garcia Lopez, Juan Antonio"]
[Result "1-0"]
[WhiteElo "2113"]
[BlackElo "1990"]
[PlyCount "87"]
[EventDate "2010.01.15"]
[EventType "swiss"]
[EventRounds "7"]
[EventCountry "ESP"]
[SourceTitle "CBM 134 Extra"]
[Source "ChessBase"]
[SourceDate "2010.03.03"]
[SourceVersion "1"]
[SourceVersionDate "2010.03.03"]
[SourceQuality "1"]

1. e4 d5 2. exd5 Qxd5 3. Nc3 Qd8 4. Bc4 Nf6 5. Nf3 Bf5 6. Qe2 e6 7. h3 Nbd7 8. 0-0 Nb6 9. Bb3 Be7 10. d3 0-0 11. Bg5 c6 12. Rad1 a5 13. a3 a4 14. Ba2 Nbd5 15. Ne4 Qc7 16. c4 Nb6 17. Nxf6+ Bxf6 18. Bxf6 gxf6 19. Nh4 Bg6 20. Qe3 Ra5 21. Nxg6 hxg6 22. d4 Rh5 23. Rfe1 Rd8 24. Rd3 Kg7 25. Red1 c5 26. d5 exd5 27. cxd5 Re5 28. Qd2 Qd6 29. Re1 Rde8 30. Ree3 c4 31. Rd4 Rxe3 32. fxe3 Qg3 33. Qf2 Qxe3 34. Qxe3 Rxe3 35. Bxc4 Re1+ 36. Kh2 Kf8 37. d6 Ke8 38. Bb5+ Kd8 39. Rh4 Re8 40. Bxe8 Kxe8 41. Rb4 Nc8 42. Rxb7 Nxd6 43. Rb4 Kd7 44. Rxa4 1-0

[Event "Benidorm op U2000 06th"]
[Site "Benidorm"]
[Date "2007.??.??"]
[Round "7"]
[White "Garcia Lopez, Juan Antonio"]
[Black "Jordan Martinez, Miguel"]
[Result "1-0"]
[WhiteElo "1990"]
[BlackElo "1940"]
[PlyCount "76"]
[EventDate "2007.11.??"]
[EventType "swiss"]
[EventRounds "9"]
[EventCountry "ESP"]
[SourceTitle "EXT 2010"]
[Source "ChessBase"]
[SourceDate "2010.11.25"]
[SourceVersion "1"]
[SourceVersionDate "2010.11.25"]
[SourceQuality "1"]

1. d4 d6 2. e4 g6 3. f4 Bg7 4. Nf3 Nd7 5. Bd3 e5 6. fxe5 dxe5 7. d5 Ne7 8. 0-0 0-0 9. Bg5 h6 10. Bh4 g5 11. Be1 a5 12. Nbd2 Ng6 13. Nc4 b6 14. d6 Nc5 15. dxc7 Qxc7 16. Ne3 Be6 17. c4 Nf4 18. Bc2 b5 19. Nd5 Bxd5 20. cxd5 Qd7 21. Bc3 f6 22. Bxa5 Qa7 23. Be1 Nxe4+ 24. Kh1 Nd6 25. Bb4 Rad8 26. g3 Nh3 27. Kg2 g4 28. Nh4 Nc4 29. Nf5 h5 30. Qd3 Ng5 31. Ne7+ Kh8 32. Rae1 e4 33. Rxe4 Nxe4 34. Qxe4 Ne3+ 35. Kh1 f5 36. Ng6+ Kg8 37. Qe6+ Qf7 38. Ne7+ Kh8 1-0

[Event "Murcia-ch 18th"]
[Site "Totana"]
[Date "2003.04.12"]
[Round "6"]
[White "Ruiz Garcia, Jose Manuel"]
[Black "Garcia Lopez, Juan Antonio"]
[Result "1-0"]
[WhiteElo "2154"]
[BlackElo "1884"]
[PlyCount "115"]
[EventDate "2003.03.08"]
[EventType "swiss"]
[EventRounds "9"]
[EventCountry "ESP"]
[SourceTitle "EXT 2004"]
[Source "ChessBase"]
[SourceDate "2003.11.25"]
[SourceVersion "1"]
[SourceVersionDate "2003.11.25"]
[SourceQuality "1"]

1. d4 f5 2. e4 fxe4 3. Nc3 Nf6 4. Bg5 e6 5. Nxe4 Be7 6. Nxf6+ Bxf6 7. Bxf6 Qxf6 8. Bd3 0-0 9. Nf3 Nc6 10. 0-0 e5 11. dxe5 Nxe5 12. Nxe5 Qxe5 13. Bc4+ Kh8 14. Qd2 Qxb2 15. Rae1 Qf6 16. Re3 c6 17. Rfe1 d5 18. Bd3 b5 19. Rf3 Qd6 20. Rxf8+ Qxf8 21. Qf4 Bd7 22. Qh4 Bf5 23. Bxf5 Qxf5 24. Qe7 Rf8 25. f3 Kg8 26. c3 Qg6 27. Kh1 a5 28. h3 Qf7 29. Qe3 Qd7 30. Kg1 Rf6 31. Qe5 Qd6 32. Qe3 Rf8 33. Qa7 Qa3 34. Qe3 Qd6 35. Qa7 a4 36. Re7 Qg6 37. Qd7 Rxf3 38. Re6 Rf6 39. Qc8+ Rf8 40. Qxc6 Qb1+ 41. Kh2 Qxa2 42. Qxb5 Qc4 43. Qxc4 dxc4 44. Ra6 Rc8 45. Rxa4 Kf7 46. Kg3 Ke6 47. Kf4 Kd5 48. Ra5+ Rc5 49. Rxc5+ Kxc5 50. Ke5 g5 51. g3 h5 52. g4 h4 53. Kf5 Kd5 54. Kxg5 Ke4 55. Kxh4 Kd3 56. g5 Kxc3 57. g6 Kb3 58. g7 1-0

[Event "Murcia-ch 18th"]
[Site "Totana"]
[Date "2003.03.29"]
[Round "4"]
[White "Garcia Lopez, Juan Antonio"]
[Black "Rodriguez Alamar, Juan Carlos"]
[Result "1-0"]
[WhiteElo "1884"]
[BlackElo "2106"]
[PlyCount "119"]
[EventDate "2003.03.08"]
[EventType "swiss"]
[EventRounds "9"]
[EventCountry "ESP"]
[SourceTitle "EXT 2004"]
[Source "ChessBase"]
[SourceDate "2003.11.25"]
[SourceVersion "1"]
[SourceVersionDate "2003.11.25"]
[SourceQuality "1"]

1. e4 Nf6 2. Nc3 d6 3. d4 g6 4. f4 Bg7 5. Nf3 0-0 6. Bd3 Nc6 7. 0-0 Bg4 8. Ne2 e5 9. fxe5 dxe5 10. d5 Nd4 11. Nexd4 exd4 12. Bg5 Qe8 13. Qe1 Nd7 14. Qg3 Bxf3 15. gxf3 Ne5 16. f4 Nxd3 17. Qxd3 Qd7 18. f5 Be5 19. Bf4 f6 20. Qg3 Qg7 21. Rf2 gxf5 22. Qxg7+ Kxg7 23. exf5 Rad8 24. Kg2 Rxd5 25. Kf3 Kf7 26. Ke4 Rb5 27. a4 Rxb2 28. Bxe5 Re8 29. Kxd4 fxe5+ 30. Kd5 Rb4 31. c3 Rg4 32. a5 Kf6 33. a6 Rd8+ 34. Kc5 b6+ 35. Kc6 Rc4+ 36. Kb7 Rxc3 37. Kxa7 Rcd3 38. Kb7 c5 39. a7 R3d7+ 40. Ka6 Re7 41. Rb1 e4 42. Rxb6+ Ke5 43. f6 Rf7 44. Rb7 e3 45. Rf1 e2 46. Re1 Rxf6+ 47. Ka5 Rd2 48. Re7+ Kd6 49. R7xe2 Rxe2 50. Rxe2 Rf8 51. Ka6 c4 52. Rc2 Kc5 53. Ra2 c3 54. Kb7 Rf7+ 55. Kc8 Rf8+ 56. Kc7 Rf7+ 57. Kd8 Rf8+ 58. Kd7 Rf7+ 59. Ke8 Rxa7 60. Rxa7 1-0